| 000 | 00496nam a2200145 4500 | ||
|---|---|---|---|
| 999 |
_c10727 _d10727 |
||
| 008 | 180918b ||||| |||| 00| 0 eng d | ||
| 022 | _a2094-8042 | ||
| 082 | _aDPer 370.105 M72 Jan-Dec 2011 v59-60 | ||
| 100 |
_931279 _aUreta, Remedios A |
||
| 245 |
_aBehavioral and emotional changes in persons with epilepsy/ _cRemedios A. Ureta. |
||
| 260 |
_aPhilippines: _bIn the Grade School, Inc., _cc2011. |
||
| 300 |
_av60 n4, pages 160-161; _c27cm. |
||
| 650 | 0 |
_931280 _aEpilepsy. |
|
| 942 |
_2ddc _cPER |
||